World Cities by 10 Category Elimination - Statistics

General Stats
  • This quiz has been taken 11,400 times
  • The average score is 8 of 10
Answer Stats
# Category World City % Correct
76 is one word long
100%
66 is located above the Equator
99%
60 doesn't contain the letter Y
99%
44 is not located in China
99%
39 has fewer than 20 million people
97%
30 is more than 5 letters long
96%
19 is not a world capital city
78%
10 is east of the Prime Meridian
64%
4 doesn't speak a Hindustani dialect
54%
1 is not the largest city in its country Alexandria
21%
No matching quizzes found
Score Distribution
Percent of People with Each Score
Percentile by Number Answered
Your Score History
You have not taken this quiz